[Event "Chesscup Blitz 2020"]
[Site "Katowice"]
[Date "2020.09.12"]
[Round "2.10"]
[White "Teclaf, Pawel"]
[Black "Pelka, Michal"]
[Result "1-0"]
[WhiteElo "2464"]
[BlackElo "1850"]
[Annotator "TA"]
[PlyCount "67"]
[EventDate "2020.09.12"]
[EventType "swiss"]
[EventCountry "POL"]
[SourceTitle "playchess.com"]
[Source "ChessBase"]
[SourceQuality "1"]

{[%evp 13,67,29,31,47,124,118,130,136,135,126,144,119,125,101,101,95,86,85,148,158,157,138,283,220,281,101,254,228,307,278,314,322,324,227,227,212,251,247,254,260,270,187,206,216,252,249,306,302,397,360,534,546,556,425,407,386]} 1. Nf3 Nf6 2. g3 g6 3. b3 Bg7 4. Bb2 O-O 5. Bg2 c5 6. c4 Nc6 {6...d6 might become the main line. Played by Ian Nepomniachtchi in July 2020.} 7. O-O d5 8. cxd5 {A05: Réti Opening: 1 Nf3 Nf6.} Qxd5 {[#]} ({Better is} 8... Nxd5 $14 9. Bxg7 Kxg7) 9. Ne5 $1 $16 {[%mdl 64] [#] Pin} Qe6 $146 ({Predecessor:} 9... Qd6 10. Nxc6 bxc6 11. Na3 Ba6 12. d3 Nd5 13. Bxg7 Kxg7 14. Rc1 f5 15. Nc4 Qf6 {1-0 (28) Garcia Fuentes,S (2134)-Langner,L (2377) chess.com INT 2020}) 10. Nxc6 {White is better.} bxc6 11. d3 Nd5 12. Bxg7 Kxg7 13. Qc2 Qe5 14. Na3 Nb4 15. Qd2 Ba6 (15... Be6 $142) 16. Rac1 Rfd8 17. Nc4 Qe6 (17... Bxc4 $16 {keeps fighting.} 18. Rxc4 Rab8) 18. a3 Nd5 19. Qa5 $2 {[#]} (19. Na5 $18 {is more deadly.}) 19... Bb7 $2 (19... Bxc4 $16 {was worth a try.} 20. dxc4 (20. bxc4 Nf6 $16) 20... Nf6) 20. Bf3 (20. Qxc5 $6 Qxe2 21. Na5 Rab8 $16) 20... g5 21. Qxc5 g4 22. Be4 f5 23. Bxd5 Rxd5 24. Qe3 Qf6 25. b4 Bc8 26. f4 gxf3 27. exf3 ({Don't take} 27. Qxf3 Bd7 $18) 27... Bd7 28. Rfe1 Re8 29. Ne5 Rd8 30. f4 Qd6 31. Qxa7 Be8 (31... Kf8 {was called for.} 32. Rc2 Be8) 32. Nc4 $18 Qf6 33. Qxe7+ Qxe7 34. Rxe7+ {Black did not feel at home in the position after the opening. Accuracy: White = 70%, Black = 32%.} 1-0

[Event "Chesscup Blitz 2020"]
[Site "Katowice"]
[Date "2020.09.12"]
[Round "3.1"]
[White "Socko, Bartosz"]
[Black "Sztwiertnia, Jan Krzysztof"]
[Result "1-0"]
[WhiteElo "2601"]
[BlackElo "2113"]
[Annotator "TA"]
[PlyCount "37"]
[EventDate "2020.09.12"]
[EventType "swiss"]
[EventCountry "POL"]
[SourceTitle "playchess.com"]
[Source "ChessBase"]
[SourceQuality "1"]

{[%evp 16,37,6,1,15,15,44,41,50,39,34,37,58,52,50,60,47,47,86,92,225,235,469,301]} 1. g3 d5 2. Bg2 Nf6 3. Nf3 e6 4. O-O Be7 5. d4 O-O 6. c4 c6 7. Nc3 Nbd7 8. Qd3 b6 9. e4 {9.b3 is the fancy move.} Bb7 {E07: Closed Catalan: Main Line (5 Nf3 0-0 6 0-0 Nbd7).} 10. Bf4 $5 {[%mdl 4] [#] Leaves trodden paths.} c5 $146 {[%cal Rd5e4]} ({Predecessor:} 10... Ba6 11. b3 Rc8 12. Rfd1 b5 13. c5 Qa5 14. Bf1 dxe4 15. Nxe4 Nxe4 16. Qxe4 {1-0 (47) Vrolijk,L (2478)-Hakobyan,A (2559) Bratislava 2019}) 11. exd5 exd5 {White is slightly better.} 12. Rad1 dxc4 13. Qxc4 cxd4 14. Nxd4 Bxg2 $1 15. Kxg2 {Strongly threatening Nc6.} Qc8 16. Qxc8 Raxc8 17. Nf5 Rfe8 {[#]} (17... Bb4 $16) 18. Nb5 $1 $18 Rc2 $2 (18... g5) 19. Nc7 {Black got outplayed after the opening} 1-0

[Event "Chesscup Blitz 2020"]
[Site "Katowice"]
[Date "2020.09.12"]
[Round "3.2"]
[White "Dzierzak, Boguslaw"]
[Black "Miton, Kamil"]
[Result "0-1"]
[WhiteElo "1961"]
[BlackElo "2590"]
[Annotator "TA RC"]
[PlyCount "50"]
[EventDate "2020.09.12"]
[EventType "swiss"]
[EventCountry "POL"]
[SourceTitle "playchess.com"]
[Source "ChessBase"]
[SourceQuality "1"]

{[%evp 12,50,13,-9,18,-42,-39,-41,-34,-54,-52,-63,-55,-74,-55,-52,-35,-33,-31,-41,-18,-16,8,0,0,-82,-91,-124,-112,-123,-131,-128,-127,-122,-138,-130,-121,-167,-158,-168,-117]} 1. e4 c5 2. Nf3 Nc6 3. Bb5 e6 4. O-O Nge7 5. Re1 a6 6. Bf1 d5 7. d3 g6 {B30: Sicilian: 2...Nc6 3 Bb5, lines without ...g6.} 8. Nc3 ({White should play} 8. exd5 $11 exd5 9. d4) 8... d4 $15 9. Ne2 {[#]} e5 $146 {Black is slightly better.} ({Predecessor:} 9... Bg7 10. c3 O-O 11. cxd4 cxd4 12. b3 e5 13. Ba3 h6 14. Nd2 g5 15. Ng3 Re8 {1-0 (40) Schlickenrieder,G-Weigel,H (2290) Germany 1994}) 10. Nd2 Bg7 11. a4 Rb8 12. g3 O-O 13. f4 f5 14. Bg2 Kh8 15. Rf1 Be6 16. b3 Qd7 17. Ba3 b6 {[#]} 18. Kh1 (18. a5 $1 $11 {[%mdl 512]}) 18... fxe4 $17 19. Nxe4 Bg4 20. Qd2 Nd5 $36 {[%mdl 2048] Black is on the roll.} 21. fxe5 Ne3 ({But not} 21... Nxe5 22. a5 $15) 22. Rxf8+ Rxf8 23. e6 Bxe6 24. Nf4 {White wants to play a5!} Bg4 25. Re1 Ne5 {Accuracy: White = 87%, Black = 87%.} ({Better is} 25... a5 $19 26. Kg1 Ne5 27. Rxe3 dxe3 28. Qxe3 Nf7) 0-1

[Event "Chesscup Blitz 2020"]
[Site "Katowice"]
[Date "2020.09.12"]
[Round "3.3"]
[White "Krasenkow, Michal"]
[Black "Krajewska-Gajdzik, Katarzyna"]
[Result "1-0"]
[WhiteElo "2605"]
[BlackElo "1987"]
[Annotator "TA"]
[PlyCount "83"]
[EventDate "2020.09.12"]
[EventType "swiss"]
[EventCountry "POL"]
[SourceTitle "playchess.com"]
[Source "ChessBase"]
[SourceQuality "1"]

{[%evp 11,83,19,24,0,0,-6,44,27,31,36,50,43,60,41,35,26,43,20,20,20,20,18,12,10,11,20,62,62,51,38,55,56,67,48,66,58,72,59,57,47,42,39,104,106,148,111,139,134,150,107,103,81,88,78,83,87,89,84,276,273,587,497,510,512,525,464,489,491,489,467,433,440,696,681]} 1. d4 Nf6 2. c4 e6 3. Nc3 Bb4 4. e3 O-O 5. Nf3 d6 6. Bd2 Nbd7 7. a3 {E46: Nimzo-Indian: Rubinstein: 4 e3 0-0 5 Ne2 without early Bd3.} Bxc3 $1 8. Bxc3 Qe7 9. Bd3 {White is slightly better.} e5 {[#]} 10. Bc2 $146 ({Predecessor:} 10. dxe5 dxe5 11. Bf5 Rd8 12. Qc2 b6 13. O-O Bb7 14. e4 g6 15. Bxd7 Nxd7 16. Rfe1 {1-0 (50) Papadopoulos,H (1280)-Papakonstantinou,G (1300) Achaia 2013}) 10... c6 11. dxe5 Nxe5 12. Nxe5 dxe5 13. O-O Rd8 14. Qf3 Bg4 15. Qg3 Be2 16. Rfe1 Bxc4 17. Qxe5 Qxe5 18. Bxe5 Rd2 19. Rac1 Be6 20. Bc3 Rd7 21. e4 Rad8 22. f4 Nh5 23. f5 Bc4 24. g3 $36 {[%mdl 2048] White has some pressure.} Nf6 25. e5 Nd5 26. Bd2 Ne7 (26... h6 $14) 27. Be3 $16 a5 28. Bb6 {And now f6 would win.} Re8 29. Bxa5 Nd5 30. b3 Ba6 31. e6 fxe6 32. fxe6 Rde7 33. Bf5 g6 34. Bh3 b6 $2 {[#] Now Black is done in.} (34... Bd3 $16) 35. Bd2 $1 $18 ({But not} 35. Rxc6 $6 Bb7 $16) 35... Nf6 $2 (35... Rc7 36. a4 Bb7) 36. Bg5 {White is clearly winning.} Kg7 37. Rxc6 h6 38. Bxf6+ Kxf6 39. Rxb6 Bd3 40. Re3 Bf5 41. g4 Bxe6 {[#]} (41... Bb1 $142 42. a4 Ra8) 42. g5+ $1 {Accuracy: White = 88%, Black = 54%.} 1-0

[Event "Chesscup Blitz 2020"]
[Site "Katowice"]
[Date "2020.09.12"]
[Round "3.4"]
[White "Zgadzaj, Rafal"]
[Black "Piorun, Kacper"]
[Result "0-1"]
[WhiteElo "2083"]
[BlackElo "2596"]
[Annotator "TA"]
[PlyCount "100"]
[EventDate "2020.09.12"]
[EventType "swiss"]
[EventCountry "POL"]
[SourceTitle "playchess.com"]
[Source "ChessBase"]
[SourceQuality "1"]

{[%evp 14,100,9,-1,25,9,27,27,39,17,13,10,22,19,31,0,0,0,0,-38,-42,-50,-22,-18,-5,-35,-6,-26,-27,-50,-76,-65,0,-35,-18,-143,-35,-113,-124,-116,-120,-104,0,-104,-78,-187,-180,-160,-13,-187,0,0,160,88,217,65,59,73,71,30,185,35,29,8,11,8,23,0,30,0,255,259,256,219,401,83,456,54,71,29,352,293,304,-5708,-6127,-29981,-29982,-1252,-1087]} 1. c4 g6 2. Nc3 Bg7 3. g3 f5 4. Bg2 e5 5. d3 Nf6 6. Rb1 O-O 7. Nf3 d6 8. O-O Re8 {[#] A21: English Opening: 1...e5 2 Nc3.} 9. Qc2 $146 ({Predecessor:} 9. b4 c6 10. Qb3 h6 11. b5 c5 12. e4 fxe4 13. dxe4 Nbd7 14. Ne1 Nf8 15. Nc2 Ne6 16. Ne3 {0-1 (40) Shoker,S (2381)-Nakamura,H (2670) France 2008}) 9... h6 10. b4 {[%cal Bb2b4,Bb4b5][%mdl 32]} Nbd7 {White has an edge.} 11. Nd5 c6 12. Nxf6+ Nxf6 13. b5 e4 14. Nd4 c5 15. Nb3 b6 16. d4 Qe7 17. a4 g5 18. a5 Be6 19. d5 Bf7 20. Bb2 f4 21. axb6 axb6 22. Ra1 Rab8 (22... e3 $15 23. f3 Nd7) 23. Ra6 Bg6 24. Rfa1 (24. e3 $11) 24... Kh7 (24... Ng4 $17 25. Bh3 Bxb2 26. Qxb2 Qe5 27. Qxe5 Nxe5) 25. Ra7 ({White should play} 25. e3 $1 $15) 25... Rb7 $1 $17 {[%cal Rb7a7]} 26. Rxb7 Qxb7 27. e3 Ng4 (27... fxe3 $17 {White must now prevent ...Ng4.} 28. fxe3 Ng4 29. Bxg7 Qxg7) 28. Bxg7 (28. exf4 $2 e3 $19) (28. gxf4 gxf4 29. Bh3 (29. exf4 $2 e3 $19 {[%mdl 64] Discovered Attack}) 29... Bxb2 $17) (28. h3 $1 $11 {remains equal.} Nf6 29. Nd2 (29. gxf4 gxf4 30. Ra6 f3 $19)) 28... Qxg7 (28... fxe3 {looks sharper.} 29. fxe3 Qxg7 30. Qc1 Rf8 31. Ra3 Qf6) 29. Bh3 (29. exf4 $2 e3 $19) (29. gxf4 gxf4 30. h3 Ne5 $19) (29. h3 $17 {was necessary.} Ne5 30. Ra6) 29... Ne5 $19 30. Bg2 Rf8 (30... Nd3 $17 {With the idea ...Rf8.} 31. Bf1 fxe3 32. fxe3 h5) 31. exf4 $2 (31. Bxe4 $11 fxe3 32. fxe3) 31... gxf4 $2 (31... e3 $1 $19 32. Be4 gxf4 33. Bxg6+ Qxg6 34. Ra7+ Kg8 35. Qxg6+ Nxg6) 32. Bxe4 $11 Qf6 $2 (32... Bxe4 $11 33. Qxe4+ {[%mdl 64] Double Attack} Kh8) 33. Bxg6+ ({Better is} 33. Ra7+ $1 Rf7 34. Rxf7+ Qxf7 35. Nd2) 33... Nxg6 {[#]} (33... Qxg6 $16 {was called for.} 34. Qxg6+ Kxg6) 34. Rf1 $2 (34. Re1 $1 $18) 34... Kg8 35. Nd2 Ne5 36. Qe4 f3 $2 (36... Qg5 $11 {and Black stays safe.}) 37. h4 (37. Ra1 $18) 37... Ra8 $14 38. Re1 Ra2 39. Nf1 $36 {[%mdl 2048] White fights for an advantage.} Kg7 40. Ne3 {Hoping for Ng4.} Qg6 $1 {[%cal Rg6e4]} 41. Nf5+ Kf6 $2 {[%mdl 8192]} (41... Kf8 $1 $11 42. Nxd6 Re2 43. Qf4+ (43. Rxe2 fxe2 44. Qxe5 Qb1+ 45. Kg2 e1=Q $11) 43... Nf7) 42. Nxd6 $18 {[%csl Ge1][%cal Re4e5]} Qxe4 43. Nxe4+ {[%mdl 4096] Endgame KRN-KRN} ({Don't do} 43. Rxe4 $6 h5 $16) 43... Kg6 $2 (43... Kf5 44. Nd6+ Kf6) 44. d6 $2 (44. Nc3 $18 Rc2 45. Rxe5 Rxc3 46. d6) 44... Ra7 $2 {[%mdl 8192] [#]} (44... Re2 $16 {is more resistant.} 45. Kf1 Kf5) 45. Rd1 $2 (45. Nxc5 $1 $18 {[%mdl 512]} Kf5 (45... bxc5 46. Rxe5) 46. Na6) 45... Rd7 $14 46. Rd5 (46. g4 $5 {[%cal Rh4h5]}) 46... Nxc4 $2 {[%mdl 8192]} (46... Kf5 $1 $11 {and Black is okay.} 47. Nd2 Ke6) 47. g4 Kf7 48. Re5 $4 {[%mdl 8192]} (48. Kh2 $18) 48... Nxe5 $19 49. Kh2 Nxg4+ 50. Kg3 Nf6 {Quite a comeback for Black. Accuracy: White = 35%, Black = 46%.} 0-1

[Event "Chesscup Blitz 2020"]
[Site "Katowice"]
[Date "2020.09.12"]
[Round "3.5"]
[White "Janik, Igor"]
[Black "Goraj, Barbara"]
[Result "1-0"]
[WhiteElo "2470"]
[BlackElo "2078"]
[Annotator "TA"]
[PlyCount "107"]
[EventDate "2020.09.12"]
[EventType "swiss"]
[EventCountry "POL"]
[SourceTitle "playchess.com"]
[Source "ChessBase"]
[SourceQuality "1"]

{[%evp 9,107,37,32,12,30,22,56,25,50,44,40,34,39,20,34,23,43,37,78,53,75,94,71,52,56,51,61,54,59,46,42,45,95,70,79,68,75,64,68,66,62,35,66,25,69,49,63,-8,33,27,27,27,126,126,152,142,176,141,186,150,169,101,135,103,154,0,159,58,113,118,189,184,184,187,193,194,200,173,177,154,195,97,121,102,101,97,135,137,447,97,172,141,29990,29991,29991,29992,29992,29992,29993,29994]} 1. e4 c5 2. Nf3 d6 3. Bb5+ Nd7 4. O-O Ngf6 5. Re1 a6 6. Bd3 {B51: Sicilian: Moscow Variation (3 Bb5+) without 3...Bd7.} e5 7. a4 b6 8. c3 {White is slightly better.} Be7 9. Bc2 O-O 10. d4 cxd4 11. cxd4 Bb7 12. Nc3 Rc8 13. d5 Re8 14. h3 {[#]} Bf8 $146 ({Predecessor:} 14... g6 15. g4 h5 16. Nd2 hxg4 17. hxg4 Kg7 18. Kg2 Rh8 19. f3 Nh7 20. Rh1 Bg5 {0-1 (34) Parol,P (2104)-Represa Perez,M (2078) Riga 2018}) 15. Be3 a5 16. Qe2 Nc5 17. Nd2 Ba6 18. Nb5 g6 19. Nc4 Bxb5 20. axb5 Nfd7 21. Rac1 Qe7 22. Qd2 Rc7 23. b3 Bg7 24. g3 Rec8 25. Nb2 Kh8 26. h4 h5 27. Kg2 Kg8 28. Ra1 (28. f3 $14) 28... Nf6 (28... f5 $5) 29. Bxc5 Rxc5 {[%mdl 64] [#] Double Attack} 30. Bd3 Kh7 (30... Nd7 $1 $11 {keeps the balance.}) 31. Na4 $1 $16 {[%csl LRb6,LRc5][%mdl 64] Double Attack} Bh6 32. Qe2 Nd7 33. Nxc5 Nxc5 34. Bc4 Qd7 35. Rad1 (35. b4 $18 axb4 36. Reb1) 35... Re8 36. Rf1 Qe7 (36... Qg4 $142) 37. Rfe1 Qd7 $1 38. Qb2 (38. Rb1 $16) 38... Ra8 (38... f5 $14) 39. Ra1 Rc8 (39... Rf8 $16) 40. b4 $18 axb4 41. Qxb4 f5 42. exf5 gxf5 43. Be2 Qf7 44. Qa3 Qxd5+ 45. Bf3 (45. Kg1 $18) 45... e4 $16 46. Bxh5 Nd3 47. Red1 Rc7 48. Qa2 Qc5 $2 {[%mdl 8192] [#]} (48... Qe5 $16) 49. Rf1 $2 (49. Rxd3 $1 $18 {[%mdl 512] has better winning chances.} exd3 50. Qe6) 49... Qxb5 (49... d5 $16 {is a better defense.}) 50. Qe6 $36 {[%mdl 2048] Threatening mate with Qg6+. White is in control.} Qd7 $2 {[%mdl 8192]} (50... Rg7 $16 51. Kh2 Qe5 52. Qxe5 dxe5) 51. Qg6+ {White mates.} Kh8 52. Qxh6+ Kg8 53. Qg5+ Kh8 54. Ra8+ {Accuracy: White = 59%, Black = 51%.} 1-0

[Event "Chesscup Blitz 2020"]
[Site "Katowice"]
[Date "2020.09.12"]
[Round "3.6"]
[White "Krol, Rafal"]
[Black "Jakubowski, Krzysztof"]
[Result "0-1"]
[WhiteElo "1987"]
[BlackElo "2481"]
[Annotator "TA"]
[PlyCount "100"]
[EventDate "2020.09.12"]
[EventType "swiss"]
[EventCountry "POL"]
[SourceTitle "playchess.com"]
[Source "ChessBase"]
[SourceQuality "1"]

{[%evp 9,100,8,23,2,32,31,32,30,38,-19,3,0,-3,-8,-8,-29,-23,-24,-7,-14,-6,-40,0,-8,-1,-2,-2,-10,0,-10,0,0,0,-2,-3,-16,-16,-20,-9,-6,0,0,0,-18,0,0,0,0,0,0,7,0,0,0,0,0,0,-13,-13,-20,-8,-8,0,0,0,0,0,-8,-1,-24,-13,-309,-218,-309,-280,-280,-259,-309,-309,-29977,-29978,-29978,-29979,-29977,-29971,-29970,-29968,-29945,-11471,-29974,-29971,-29997,-29998]} 1. Nf3 Nf6 2. g3 d5 3. Bg2 c6 4. O-O Bg4 5. c4 Nbd7 6. b3 {A11: English Opening: 1...c6.} dxc4 7. bxc4 {[#]} e5 $146 ({Predecessor:} 7... Bxf3 8. Bxf3 Ne5 9. Qb3 Nxf3+ 10. Qxf3 Qd4 11. Qc3 Qxc3 12. Nxc3 e6 13. Rb1 O-O-O {1-0 (40) Priedite,I (2087)-Klein,K (1993) Bregenz 2016}) 8. Bb2 {White is slightly better.} Bd6 9. Qb3 (9. d4 $14) 9... Qc7 10. d3 O-O 11. Nc3 Rfe8 12. a4 Nc5 13. Qc2 Qd7 14. Ba3 Rad8 15. Ng5 h6 (15... Qe7 {is interesting.} 16. h3 Bh5 17. a5 h6 18. Bxc5 Bxc5 19. Nge4 Nxe4 20. Bxe4 Qd7) 16. Nge4 Nfxe4 17. Nxe4 Nxe4 18. Bxe4 Bxa3 19. Rxa3 Bh3 20. Rb1 f5 21. Bf3 {[#]} e4 $1 {[%mdl 512]} 22. dxe4 fxe4 23. Bg2 Bxg2 24. Kxg2 Qf7 25. Re3 Rd4 26. Qb2 Rxc4 27. Qxb7 Qxb7 28. Rxb7 Rxa4 $11 {[%mdl 4096] Endgame KRR-KRR} 29. Rc3 Re6 30. Rc7 Ra2 31. R7xc6 Rxc6 32. Rxc6 Rxe2 {KR-KR} 33. Kf1 Ra2 34. Rc4 {[#]} e3 $1 {[%mdl 512]} 35. fxe3 Kf7 36. h4 Kf6 37. Rc5 a5 {[%cal Ba7a5,Ba5a4,Ba4a3][%mdl 32]} 38. g4 a4 39. g5+ hxg5 40. hxg5+ $2 {[%mdl 8192] [#] White does not recover from this.} (40. Rxg5 $11 {and White stays safe.} Ra1+ 41. Kf2) 40... Kg6 $1 $19 41. Kg1 (41. Ke1 {was called for.}) 41... Kh5 42. Ra5 g6 43. e4 a3 44. Kh1 $2 (44. Kf1 $19) 44... Kg4 45. Kg1 Kg3 {[%cal Ra2a1]} 46. Kf1 Kf3 {[%cal Ra2a1]} 47. Kg1 Kxe4 48. Ra6 Kf5 (48... Kf4 $142 49. Kf1 Kf3 50. Rf6+ Kg4 51. Ra6 Ra1+ 52. Kg2 Kxg5 53. Ra5+ Kg4 54. Ra4+ Kf5 55. Ra8 Ke5 56. Kf3 a2 57. Kg2 g5 58. Ra4 Kf5 59. Ra6 Ke5 60. Ra4 Kd6 61. Ra8 Ke6 62. Re8+ Kd6 63. Rd8+ Ke5 64. Ra8 Kd4 65. Rd8+ Kc4 66. Ra8 Kb3 67. Rb8+ Ka3 68. Ra8+ Kb3 69. Rb8+ Kc2 70. Ra8 Kb3) 49. Ra5+ Kg4 50. Kh1 Kg3 {Accuracy: White = 68%, Black = 89%.} 0-1

[Event "Chesscup Blitz 2020"]
[Site "Katowice"]
[Date "2020.09.12"]
[Round "3.7"]
[White "Golubka, Petro"]
[Black "Masternak, Aleksander"]
[Result "1-0"]
[WhiteElo "2488"]
[BlackElo "2193"]
[Annotator "TA"]
[PlyCount "71"]
[EventDate "2020.09.12"]
[EventType "swiss"]
[EventCountry "POL"]
[SourceTitle "playchess.com"]
[Source "ChessBase"]
[SourceQuality "1"]

{[%evp 14,71,27,12,25,6,5,0,22,20,21,10,0,0,19,6,16,16,54,0,9,-76,21,-84,0,7,0,6,14,12,-9,0,60,61,81,72,164,58,87,36,50,25,91,29,29,0,29,29,27,27,52,54,516,110,120,123,114,109,108,108]} 1. d4 Nf6 2. Bg5 e6 3. Nd2 c5 4. e3 cxd4 5. exd4 Be7 6. Ngf3 b6 7. Bd3 Bb7 8. c3 O-O {A47: 1 d4 Nf6 2 Nf3 b6: Torre, London and Colle Systems.} 9. Qe2 Nd5 10. h4 {[#]} f5 $146 {The position is equal.} ({Predecessor:} 10... f6 11. c4 Nb4 12. Bb1 fxg5 13. hxg5 g6 14. a3 Bxg5 15. axb4 Bf6 16. Ne4 Nc6 {0-1 (45) Fraas,H (2165)-Heika,M (2334) Dresden 2001}) 11. g3 Nc6 12. a3 Rc8 13. Kf1 Nf6 14. h5 Ng4 15. Bf4 Bf6 16. Bd6 Re8 17. Bc4 (17. Ba6 $11 {keeps the balance.} Bxa6 18. Qxa6) 17... Kh8 (17... b5 $1 $17 {[%cal Rb5c4]} 18. Bxb5 Qb6) 18. h6 (18. Ba6 $11 {remains equal.} Bxa6 19. Qxa6) 18... g6 (18... Nxh6 $17 {...Nf7 is the strong threat.} 19. Ba6 Bxa6 20. Qxa6 Nf7) 19. Ba6 $36 {[%mdl 2048] White fights for an advantage.} Bxa6 20. Qxa6 e5 21. dxe5 Ncxe5 22. Bxe5 (22. Qxa7 $2 Nd3 $19) 22... Nxe5 (22... Bxe5 $11 23. Nxe5 (23. Qxa7 Qe7 $11) 23... Nxe5) 23. Nxe5 $14 Rxe5 24. Nf3 ({Don't play} 24. Qxa7 $6 Rd5 $11) 24... Re4 (24... Rec5 $16 {keeps fighting.}) 25. Kg2 (25. Qxa7 $18 d5 26. Rd1) 25... Rc7 {[#]} 26. Rhe1 (26. a4 $1 $16) 26... d5 27. Rad1 Rd7 (27... Kg8 $11) 28. Qd3 (28. Qb5 $16) 28... Kg8 29. Nd2 Re8 30. Rxe8+ Qxe8 31. Nf3 Qe4 32. Qb5 Rd8 $2 {[%mdl 8192]} ({Better is} 32... Qe6 $1 $14) 33. Qc6 $2 (33. Re1 $18 Qc4 34. Re8+ Kf7 35. Ne5+ Bxe5 36. Qxc4 Rxe8 37. Qxd5+ Kf8 38. f4) 33... Qe7 $16 {White is better.} ({Don't blunder} 33... Be7 $2 {[#]} 34. Re1 $1 $18 {[%mdl 512]}) 34. Rxd5 Rxd5 35. Qxd5+ Kf8 36. a4 {Accuracy: White = 53%, Black = 59%.} 1-0

[Event "Chesscup Blitz 2020"]
[Site "Katowice"]
[Date "2020.09.12"]
[Round "3.8"]
[White "Zima, Teofil"]
[Black "Klekowski, Maciej"]
[Result "0-1"]
[WhiteElo "1897"]
[BlackElo "2511"]
[Annotator "TA"]
[PlyCount "100"]
[EventDate "2020.09.12"]
[EventType "swiss"]
[EventCountry "POL"]
[SourceTitle "playchess.com"]
[Source "ChessBase"]
[SourceQuality "1"]

{[%evp 17,100,3,4,-5,-7,5,5,0,0,0,0,0,0,0,5,-1,0,-40,-9,-47,-37,-41,0,-5,24,-91,-84,-66,-46,-63,379,380,575,582,577,590,595,593,560,561,541,465,635,573,562,562,510,337,485,481,479,477,534,469,573,522,520,511,515,0,587,523,737,734,682,0,7,0,0,0,0,0,0,0,0,0,0,0,0,-915,0,-5231,-4910,-2243,-1496]} 1. e4 c5 2. Nf3 Nc6 3. Bb5 g6 4. O-O Bg7 5. Re1 e5 6. c3 Nge7 7. d4 cxd4 8. cxd4 exd4 9. Bf4 a6 10. Bf1 {B31: Sicilian: 2...Nc6 3 Bb5 g6.} d6 11. h3 O-O 12. Nbd2 {The position is equal.} Be6 13. Nb3 {[#]} Bxb3 $146 ({Predecessor:} 13... Qb6 14. Bxd6 Rfd8 15. e5 Nf5 16. Bc5 Qc7 17. g4 Nxe5 18. Nxe5 Bxe5 19. gxf5 Bxb3 20. Qxb3 Qxc5 {0-1 (35) Dankert,P-Radulov,I (2500) Hamburg (Ruderclub Favorite) 1977}) 14. Qxb3 Qd7 15. Rad1 b5 16. Qa3 Rfd8 17. Qb3 h6 (17... Na5 $5 {[%cal Ra5b3]} 18. Qc2 Nec6 $11) 18. Qd3 Qe6 19. b3 Rac8 20. Bc1 Ne5 21. Qe2 (21. Nxd4 $11 {keeps the balance.} Nxd3 22. Nxe6) 21... Nxf3+ 22. Qxf3 Nc6 23. Bb2 d5 $2 {[%mdl 8192]} (23... h5 $15) 24. exd5 $18 Qxd5 {[#]} (24... Qd7 $142 25. dxc6 Qxc6 26. Qxc6 Rxc6) 25. Re8+ $1 {[%mdl 576] Deflection} Rxe8 26. Qxd5 Nb4 27. Qb7 Rb8 28. Qd7 Rbd8 29. Qa7 Ra8 30. Qb6 Nd5 31. Qc5 Nc3 32. Rd2 Rac8 (32... Ne4 $142 33. Qc1 Nxd2) 33. Qa7 Ra8 34. Qb7 Rab8 35. Qf3 b4 36. Qg4 h5 37. Qf4 Rbd8 38. Bc4 $2 ({White should try} 38. g3 $18) 38... Re7 $2 {[%mdl 8192]} (38... Re1+ $11 {and Black is okay.} 39. Bf1 (39. Kh2 $2 Be5 $19) 39... Rde8) 39. g3 Re1+ 40. Kg2 Rd7 41. Bxc3 $2 (41. Qb8+ $18 Kh7 42. Qxb4) 41... bxc3 $11 42. Re2 Rxe2 43. Bxe2 d3 44. Bxd3 Rxd3 {[%mdl 4096] Endgame KQ-KRB} 45. Qb8+ Kh7 {[#] Threatens to win with ...c2.} 46. Qc7 Kg8 {Strongly threatening ...Bd4.} 47. Qc4 Rd2 48. a3 $2 {[%mdl 8192]} (48. Qc8+ $11 Kh7 49. Qc4 (49. Qxa6 Bd4 $19)) 48... c2 $2 (48... Bd4 $19 49. g4 hxg4) 49. Qf4 $2 {[%mdl 8192]} (49. Qc8+ $11 Kh7 50. Qc4) 49... Rd1 50. Qb8+ Bf8 {Quite a comeback for Black. Accuracy: White = 67%, Black = 53%.} 0-1

[Event "Chesscup Blitz 2020"]
[Site "Katowice"]
[Date "2020.09.12"]
[Round "3.9"]
[White "Nasuta, Grzegorz"]
[Black "Kadziolka, Zbigniew"]
[Result "1-0"]
[WhiteElo "2553"]
[BlackElo "1844"]
[Annotator "TA"]
[PlyCount "29"]
[EventDate "2020.09.12"]
[EventType "swiss"]
[EventCountry "POL"]
[SourceTitle "playchess.com"]
[Source "ChessBase"]
[SourceQuality "1"]

{[%evp 9,29,61,45,57,110,104,160,161,292,275,368,324,434,320,308,319,703,637,1068,1111,29993,2505]} 1. e4 e6 2. d4 d5 3. Nc3 Bb4 4. exd5 Bxc3+ 5. bxc3 exd5 6. Bd3 {C15: French: 3 Nc3 Bb4: Unusual White 4th moves.} Nf6 {[#]} (6... c5 $14) 7. Ba3 $1 $16 c6 {[#]} (7... c5 $142) 8. Nf3 $146 {White is clearly better.} ({Predecessor:} 8. Ne2 Be6 9. O-O Nbd7 10. Re1 Qc7 11. Ng3 O-O-O 12. Nf5 Bxf5 13. Bxf5 g6 14. Bh3 Ne4 15. Qd3 f5 16. g3 Ndf6 17. Bc1 {½-½ (17) Micheel,P (1856)-Koehler,M (1654) Binz 2018}) 8... Bg4 (8... Be6 $142 9. O-O Nbd7) 9. O-O $18 Ne4 10. Re1 f5 11. Qc1 Nd7 12. Qf4 b6 $2 (12... c5 13. Qd6 (13. Bxe4 dxe4 14. Ne5 O-O $16) 13... Qe7 14. Qxd5 {[%mdl 64] Double Attack} O-O-O 15. Bxe4 fxe4) 13. h3 Bh5 14. Qxf5 {[#] Threatening mate with Qe6+.} Bf7 15. Bxe4 {Black did not feel at home in the position after the opening. Accuracy: White = 77%, Black =  3%.} (15. Rxe4+ $142 dxe4 16. Qxe4+ {[%mdl 64] Double Attack} Ne5 17. Qxe5+ {[%mdl 64] Double Attack} Kd7 18. Bf5+ Be6 19. Bxe6+ Ke8 20. Bg4+ Kf7 21. Qe6#) 1-0